Envejeciendo /

Guardado en:
Autor Principal: Barnard, Christiaan
Formato: Deslizar
Series:El Cuerpo Viviente
Materias:
Etiquetas: Agregar Etiqueta
Sin Etiquetas, Sea el primero en etiquetar este registro!
LEADER 01051ngm a22003015g 4500
001 CEM.cems021705
008 130507b1992##################0###0#####d
005 20240904161307.0
245 1 0 |a Envejeciendo /  |c Christiaan Barnard. 
300 |a 25 
490 0 |a El Cuerpo Viviente 
500 |a En soporte VHS, consultar en ventanilla. 
505 0 |a Cambios en los tejidos, células y huesos con el envejecimiento. Coordinación neuromuscular. Capacidad del corazón, riñones y pulmones. Presión sanguínea. La continuidad de la especie humana. 
538 |a Soporte: VHS - Norma:. Pal N - Color - Grabación DRD 1992 - Hitachi=3180 
100 1 |a Barnard, Christiaan 
082 6 1 |/ BAR-4 
653 |a ANATOMIA 
653 |a FISIOLOGIA 
653 |a DESARROLLO 
653 |a BIOLOGIA 
653 |a ENVEJECIMIENTO 
653 |a CELULAS 
653 |a PRESION SANGUINEA 
653 |a RIÑONES 
653 |a CORAZON 
653 |a PULMONES 
653 |a NIVEL SECUNDARIO 
859 |a CEMS  |b BIB. CEMS - Depto. Recursos Didacticos  |h 611  |i BAR-4  |k DRD  |p 348.12  |t Ej.1